| 000 | nam a22 7a 4500 | ||
|---|---|---|---|
| 999 |
_c15530 _d15530 |
||
| 008 | 161102b xxu||||| |||| 00| 0 eng d | ||
| 020 | _a9780875806914 | ||
| 050 | _aPL 3984.5 E5B663 2013 | ||
| 100 | _d2013 | ||
| 245 |
_aBones: _ban anthology of burmese poetry will. |
||
| 260 |
_aDekalb. _bNorthern illinois university press, _c2013. |
||
| 300 |
_a266p. _c23cm |
||
| 942 |
_2lcc _cBOOKS _hPL 3984.5 E5B663 2013 |
||